000
00330pam a2200133a 44500
008
230405s1986 xxu||||| |||| 00| 0 eng d
041
_a
ENG
100
_a
Gavaskar, Sunil
245
_a
One Day Wonders
260
_a
DELHI
_b
RUPA & CO.
_c
1986
440
_a
Source =RATANAKAR MIRAJ
690
_a
PHYSICAL EDUCATION
906
_a
2068
999
_c
782292
_d
782292